|
|
|
|
| LEADER |
00577cam a2200181 7i4500 |
| 001 |
0000005754 |
| 005 |
19991025090000.0 |
| 002 |
##000007397 |
| 020 |
0 |
0 |
|a 962-7708-89-5
|
| 090 |
0 |
0 |
|a CHIN 346.5107
|b KUZ
|
| 100 |
1 |
0 |
|a Kuzmik
|
| 245 |
1 |
0 |
|a PRC joints ventures :
|b drafting & negotiating contracts.
|
| 260 |
0 |
0 |
|a Hong Kong:
|b Asia Law & Practice,
|c 1997.
|
| 300 |
0 |
0 |
|a 212 p..
|
| 650 |
0 |
0 |
|a Investments, Foreign --
|x Law and legislation --
|z China
|
| 651 |
0 |
0 |
|a People's Republic of China
|
| 700 |
1 |
1 |
|a Lewis,
|h Donald J.
|
| 999 |
|
|
|a 0000008688
|b Book
|c Open shelf
|e Business Information Centre
|